| 000 | 00894cam a2200217 4500 | ||
|---|---|---|---|
| 001 | WB3542-18 | ||
| 008 | 000000n1999 000 0 eng u | ||
| 035 | _a(Sirsi) u100987 | ||
| 245 | 2 | _aA square deal | |
| 260 | _c1999 | ||
| 490 |
_aSunday Times _v24 October 1999, 14(2) |
||
| 520 | _aDiscusses the importance of being aware of the square footage you require when assessing properties for sale, as this is a more reliable indicator of size than the number of bedrooms. Looks at the problems of relying on the price per square foot, as well as developers' responses to the trend, for example selling apartments as shell space. Includes prices per square foot for some areas of London. | ||
| 590 | _aWB | ||
| 650 | _aSIZE | ||
| 650 | _aSQUARE FOOTAGE | ||
| 650 | _aHOUSE PRICES | ||
| 650 | _aHOUSEBUYING | ||
| 650 |
_aRESIDENTIAL PROPERTY _96266 |
||
| 690 | _aHOUSING | ||
| 942 | _n0 | ||
| 999 |
_c60270 _d60270 |
||